| 000 | 00645nam a22002177a 4500 | ||
|---|---|---|---|
| 999 |
_c9059 _d9059 |
||
| 003 | AR-CdUCM | ||
| 008 | 190327b ||||| |||| 00| 0 spa d | ||
| 020 | _a968-16-6271-7 | ||
| 040 |
_aMUNICIPALIDAD PROVINCIAL DEL CUSCO _cBIBLIOTECA MUNICIPAL DEL CUSCO |
||
| 041 | _hspa | ||
| 082 |
_aEP / 808.06 _bC573 |
||
| 100 |
_aVan Allsburg, Chris _925037 |
||
| 245 | _aMal día en río seco / | ||
| 260 |
_aMéxico : _bFondo de Cultura Económica, _c2000. |
||
| 300 |
_bIlustraciones. _c28.5 cm. |
||
| 500 | _aPáginas sin numeración. | ||
| 650 |
_aCuentos infantiles _93927 |
||
| 650 |
_aSiglo XXI _92856 |
||
| 942 |
_2ddc _cLIBROS |
||
| 945 | _aafb | ||